Business marketing : (Record no. 87915)
[ view plain ]
| 000 -LEADER | |
|---|---|
| fixed length control field | 01027nam a22002657a 4500 |
| 005 - DATE AND TIME OF LATEST TRANSACTION | |
| control field | 20170509110659.0 |
| 010 ## - LCCN (DPL NO) | |
| LC control number | 1617EN ENG-110666 |
| 020 ## - INTERNATIONAL STANDARD BOOK NUMBER | |
| International Standard Book Number | 9781259097966 |
| Terms of availability | 625.00 |
| 035 ## - SYSTEM CONTROL NUMBER | |
| System control number | B-653846-853 |
| 035 ## - SYSTEM CONTROL NUMBER | |
| System control number | EN-94198 |
| 035 ## - SYSTEM CONTROL NUMBER | |
| System control number | B-665134 |
| 037 ## - SOURCE OF ACQUISITION | |
| Source of stock number/acquisition | ABC |
| 037 ## - SOURCE OF ACQUISITION | |
| Source of stock number/acquisition | DBAD/PUB |
| 082 ## - DEWEY DECIMAL CLASSIFICATION NUMBER | |
| Classification number | 658.8 |
| 100 ## - MAIN ENTRY--PERSONAL NAME | |
| Personal name | Havaldar, Krishna K. |
| 245 ## - TITLE STATEMENT | |
| Title | Business marketing : |
| Statement of responsibility, etc | by Krishna K. Havaldar |
| Remainder of title | text and cases / |
| 250 ## - EDITION STATEMENT | |
| Edition statement | 4th ed |
| 260 ## - PUBLICATION, DISTRIBUTION, ETC. (IMPRINT) | |
| Place of publication, distribution, etc | New Delhi |
| Name of publisher, distributor, etc | McGraw Hill Education |
| Date of publication, distribution, etc | 2014 |
| 270 ## - ADDRESS | |
| Address | P-24, Green Park Extn. |
| City | New Delhi |
| Postal code | 110016 |
| 300 ## - PHYSICAL DESCRIPTION | |
| Extent | xix,608p. |
| Dimensions | 24cm(pbk) |
| 500 ## - GENERAL NOTE | |
| General note | Includes index |
| 942 ## - ADDED ENTRY ELEMENTS (KOHA) | |
| Source of classification or shelving scheme | Dewey Decimal Classification |
| Item type | English Books |
| Call number suffix | HAV |
| Classification part | 658.8 |
| Withdrawn status | Lost status | Not for loan | Collection code | Home library | Current library | Date acquired | Source of acquisition | Cost, normal purchase price | Full call number | Barcode | Copy number | Cost, replacement price | Koha item type |
|---|---|---|---|---|---|---|---|---|---|---|---|---|---|
| Non-fiction | Ashok Vihar | Ashok Vihar | 09/05/2017 | BPPD/EN/2016-17/AV/16-17/452/15.2.2017/5058/28.2.2017/ 7.3.2017 | 625.00 | 658.8 HAV | B-665134 | 1 | 625.00 | English Books | |||
| Non-fiction | Bawana | Bawana | 08/02/2017 | BPPD/EN/2016-17/286/24.11.2016/4995/03.12.16/04.01.2017 | 625.00 | 658.8 HAV | B-653852 | 1 | 625.00 | English Books | |||
| Non-fiction | Central Library | Central Library | 08/02/2017 | BPPD/EN/2016-17/286/24.11.2016/4995/03.12.16/04.01.2017 | 625.00 | 658.8 HAV | B-653846 | 1 | 625.00 | English Books | |||
| Not For Loan | Non-fiction | D.B.Act.Division | D.B.Act.Division | 19/08/2014 | DBAD/PUB | 599.00 | 658.8 HAV | EN-94198 | 1 | 599.00 | English Books | ||
| Non-fiction | Janak Puri | Janak Puri | 08/02/2017 | BPPD/EN/2016-17/286/24.11.2016/4995/03.12.16/04.01.2017 | 625.00 | 658.8 HAV | B-653848 | 1 | 625.00 | English Books | |||
| Non-fiction | Karol Bagh | Karol Bagh | 08/02/2017 | BPPD/EN/2016-17/286/24.11.2016/4995/03.12.16/04.01.2017 | 625.00 | 658.8 HAV | B-653850 | 1 | 625.00 | English Books | |||
| Non-fiction | Narela | Narela | 08/02/2017 | BPPD/EN/2016-17/286/24.11.2016/4995/03.12.16/04.01.2017 | 625.00 | 658.8 HAV | B-653851 | 1 | 625.00 | English Books | |||
| Non-fiction | Patel Nagar | Patel Nagar | 08/02/2017 | BPPD/EN/2016-17/286/24.11.2016/4995/03.12.16/04.01.2017 | 625.00 | 658.8 HAV | B-653847 | 1 | 625.00 | English Books | |||
| Non-fiction | Sarojini Nagar | Sarojini Nagar | 08/02/2017 | BPPD/EN/2016-17/286/24.11.2016/4995/03.12.16/04.01.2017 | 625.00 | 658.8 HAV | B-653849 | 1 | 625.00 | English Books | |||
| Non-fiction | Shahdara Branch | Shahdara Branch | 08/02/2017 | BPPD/EN/2016-17/286/24.11.2016/4995/03.12.16/04.01.2017 | 625.00 | 658.8 HAV | B-653853 | 1 | 625.00 | English Books |
